000 00336nam a2200145Ia 4500
008 230718s9999 xx 000 0 und d
041 _aEng.
082 _a492.7
_bNOM-I
100 _aNoman Muhammad shikandi
245 0 _aInsan ul qurbi
260 _aPakistan
_bUrdu Book bazar
_c2018
300 _a213
650 _aLaw
999 _c31881
_d31881